Cuộc đời của Landau (1908-1968)

Soviet physicist. Did fundamental theoretical work in low-temperature physics, predicting properties for a rare helium isotope that scientist are still trying to verify; awarded Nobel Prize in physics, 1962

Tallennettuna:
Bibliografiset tiedot
Päätekijä: Maya Bessarav
Aineistotyyppi: Kirja
Kieli:Undetermined
Julkaistu: Hà Nội Thanh Niên 1978
Aiheet:
Tagit: Lisää tagi
Ei tageja, Lisää ensimmäinen tagi!
Thư viện lưu trữ: Trung tâm Học liệu Trường Đại học Cần Thơ
LEADER 00716nam a2200193Ia 4500
001 CTU_10537
008 210402s9999 xx 000 0 und d
082 |a 530.9 
082 |b B562 
100 |a Maya Bessarav 
245 0 |a Cuộc đời của Landau (1908-1968) 
245 0 |c Maya Bessarav 
260 |a Hà Nội 
260 |b Thanh Niên 
260 |c 1978 
520 |a Soviet physicist. Did fundamental theoretical work in low-temperature physics, predicting properties for a rare helium isotope that scientist are still trying to verify; awarded Nobel Prize in physics, 1962 
650 |a physicians - biography 
904 |i Minh, 961009 
980 |a Trung tâm Học liệu Trường Đại học Cần Thơ